| 000 | 00441nam a22001697a 4500 | ||
|---|---|---|---|
| 003 | OSt | ||
| 005 | 20170518101910.0 | ||
| 008 | 170118b xxu||||| |||| 00| 0 eng d | ||
| 020 | _a135209749 | ||
| 040 |
_aMMU _beng _cMMU _dMMU |
||
| 100 | _aJames Baillie | ||
| 245 |
_aContemporary analytic philosphy/ _cJames Bailie |
||
| 260 |
_aNew Jersey: _bPrentice Hall, _c1996. |
||
| 300 | _axi,436p. | ||
| 650 | _aphilosophy | ||
| 942 |
_2lcc _cLOAN LOAN |
||
| 999 |
_c20881 _d20881 |
||